LIBRARY & INFORMATION CENTRE, KCAET, TAVANUR

ONLINE PUBLIC ACCESS CATALOGUE (OPAC)

Life of CharlotteBronte / (Record no. 647)

MARC details
000 -LEADER
fixed length control field 00505cam a2200181ua 4500
041 ## - LANGUAGE CODE
Language code of text/sound track or separate title eng
082 ## - DEWEY DECIMAL CLASSIFICATION NUMBER
Classification number 928.23
Item number GAS/LI
100 ## - MAIN ENTRY--AUTHOR NAME
Personal name Gaskell, Elizabeth Cleghorn .
245 ## - TITLE STATEMENT
Title Life of CharlotteBronte /
260 ## - PUBLICATION, DISTRIBUTION, ETC. (IMPRINT)
Place of publication London :
Name of publisher J M Dent and Sons Ltd ,
Year of publication 1960.
300 ## - PHYSICAL DESCRIPTION
Number of Pages 419 ; .
490 0# - SERIES STATEMENT
Series statement Everyman`s library,
Volume number/sequential designation 318
942 ## - ADDED ENTRY ELEMENTS (KOHA)
Koha item type Books
Holdings
Withdrawn status Lost status Damaged status Home library Current library Date acquired Full call number Accession Number Koha item type
Withdrawn     KAUAET Sanskrit University 07/04/2012 928.23 4487 Books
Withdrawn     KAUAET Sanskrit University 07/04/2012 928.23 11719 Books
free website counter